000 00464nam a2200169Ia 4500
003 GCL
008 140319s9999 xx 000 0 ara d
040 _aGCL /
_cGCL
082 0 4 _aط
_b813.0876
_bو م
100 1 _aوالت ديزنى
245 1 0 _aحول المهن /
_cوالت ديزنى
490 _aملاعب الاطفال
_v0
650 0 4 _aالاطفال
650 0 4 _aقصص الاطفال
650 0 4 _aالقصص العالمية
942 _2ddc
_cBK
999 _c49705
_d49705